| 000 | 00392nam a2200145Ia 4500 | ||
|---|---|---|---|
| 008 | 230312s9999||||xx |||||||||||||| ||und|| | ||
| 020 | _a978-1784741631 | ||
| 082 |
_a641.591822 _bLAW-A |
||
| 100 | _aLawson;Nigella | ||
| 245 | 0 | _aAt My Table : A Celebration of Home Cooking | |
| 260 |
_bChatto & Windus _aChina _c2017 |
||
| 300 | _a286 | ||
| 650 |
_aFood science _vFood Industry |
||
| 942 | _cBK | ||
| 999 |
_c14285 _d14285 |
||